<?xml version="1.0" encoding="UTF-8"?>
<marc:record xmlns:marc="http://www.loc.gov/MARC21/slim">
   <marc:leader>00000nam a2200000 a 4500</marc:leader>
   <marc:datafield ind1="1" ind2=" " tag="100">
      <marc:subfield code="a">Manaresi, Laura</marc:subfield>
      <marc:subfield code="4">aut</marc:subfield>
      <marc:subfield code="e">Verfasser/-in</marc:subfield>
   </marc:datafield>
   <marc:datafield ind1="1" ind2=" " tag="100">
      <marc:subfield code="a">Manna, Giovanni</marc:subfield>
      <marc:subfield code="4">aut</marc:subfield>
      <marc:subfield code="e">Verfasser/-in</marc:subfield>
   </marc:datafield>
   <marc:datafield ind1=" " ind2=" " tag="653">
      <marc:subfield code="a">Odyssee</marc:subfield>
   </marc:datafield>
   <marc:datafield ind1="0" ind2="0" tag="245">
      <marc:subfield code="a">Die Abenteuer des Odysseus</marc:subfield>
   </marc:datafield>
   <marc:datafield ind1="0" ind2="0" tag="245">
      <marc:subfield code="c">Manaresi, Laura</marc:subfield>
   </marc:datafield>
   <marc:datafield ind1=" " ind2="1" tag="264">
      <marc:subfield code="a">Wien</marc:subfield>
      <marc:subfield code="b">Betz</marc:subfield>
      <marc:subfield code="c">2006</marc:subfield>
   </marc:datafield>
   <marc:datafield ind1="1" ind2=" " tag="520">
      <marc:subfield code="a">Ein Epos der Weltliteratur in kindgerechter Form. (ab 8) (JE)      Vor rund 2.500 Jahren hat Homer in 12.200 Hexametern den Abenteuerroman schlechthin verfasst - die Odyssee. Der Held, ein griechischer Inselfürst, kann sich seinem Schicksal nicht entziehen und muss in den zehnjährigen trojanischen Krieg ziehen. Nach dem er mit dem bekanntesten Pferd der Geschichte die Entscheidung herbeiführen konnte, macht er sich auf den Heimweg nach Ithaka, wo seine ihm treu ergebene Frau Penelope auf ihn wartet. Doch der Heimweg entpuppt sich als Irrfahrt. Prüfungen sind zu bewältigen und Gefahren zu bestehen. Doch mit List und Mut können Odysseus und seine Männer unter anderem den Zyklopen besiegen oder Menschenfressern und Seeungeheuern entkommen. Und zu guter Letzt hilft auch noch Zeus´ Tochter Athene, damit der ruhmreiche Heimkehrer seine Frau in die Arme schließen kann.   Der Prosatext erzählt in flüssigem Stil dieses Heldenepos und erhält durch die ganzseitigen, imposanten Illustrationen eine besondere Note. Da die Geschichte sehr komplex und vielschichtig ist, würde ich das Buch jedoch - anders als der Verlag - erst ab 8 Jahren empfehlen.   *bn* Sabine Huber</marc:subfield>
   </marc:datafield>
   <marc:datafield ind1=" " ind2=" " tag="020">
      <marc:subfield code="a">9783219112702</marc:subfield>
      <marc:subfield code="9">9783219112702</marc:subfield>
   </marc:datafield>
   <marc:datafield ind1=" " ind2=" " tag="041">
      <marc:subfield code="a">ger</marc:subfield>
   </marc:datafield>
   <marc:datafield ind1=" " ind2=" " tag="300">
      <marc:subfield code="b">III.</marc:subfield>
   </marc:datafield>
   <marc:datafield ind1=" " ind2=" " tag="338">
      <marc:subfield code="a">Band</marc:subfield>
   </marc:datafield>
   <marc:datafield ind1=" " ind2=" " tag="300">
      <marc:subfield code="a">40 S. : zahlr. Ill.</marc:subfield>
   </marc:datafield>
</marc:record>
